{"text_format":"3","workbook":"xlsx","n_sheets":1,"sheets":["Sheet1"],"read":"whole","date_system":"1900"}

{"sheet":"Sheet1","index":0,"n_rows":71,"n_cols":9,"rows_kept":71,"merged":[[0,0,0,9],[31,2,32,2],[33,2,34,2],[35,2,37,2],[46,2,47,2],[68,0,68,4],[68,5,68,7],[70,0,70,10]]}
["2025年 植物系园林微景观设计与制作耗材 采购清单"]
["序号","项目名称","耗材名称","型号规格","单位","数量","参考单价（元）","单项控制价（元）","备注"]
[1,"微景观设计与制作","松皮石","青灰、豆青、淡紫，10-30cm","吨",1,2500,2500]
[2,"微景观设计与制作","雨花石","各色，粒径1-2，粒径6-8","斤","各30斤",7,420]
[3,"微景观设计与制作","石英砂","白、黑、原色2-3mm","斤","各50斤",3,450]
[4,"微景观设计与制作","彩砂","蓝色，10-20目","斤",30,4,120]
[5,"微景观设计与制作","轻石","灰，粒径0.5-1cm，精筛无粉，进口","升","100升",4.5,450]
[6,"微景观设计与制作","干水苔","黄绿","千克",30,30,900]
[7,"微景观设计与制作","苔藓","黄绿大灰藓","㎡",30,32,960]
[8,"微景观设计与制作","配方土","褐色，25kg","包",50,20,1000]
[9,"微景观设计与制作","热熔胶枪","德力西，21V， 锂电，4ah，纯铜枪嘴","把",3,290,1160,"每台标配2块锂电池加一个充电器"]
[10,"微景观设计与制作","马克笔","touchmark/80色/景观","袋",8,80,640]
[11,"微景观设计与制作","针管笔","樱花，0.1、0.3、0.4、0.5、0.8、1.0","套",10,50,500]
[12,"微景观设计与制作","记号笔","得力双头","盒（12支/盒）",2,15,30]
[13,"微景观设计与制作","电钻","东成，16V，MJZ1201，1601双速冲击，一电一充","把",2,240,480,"含工具箱、充电器、电池包"]
[14,"微景观设计与制作","剪刀","张小泉，总长200mm，剪体30Cr14N，镀钛，五星锋利度","把",10,40,400]
[15,"微景观设计与制作","修枝剪","佐川吉140A，sk5钢","把",10,40,400]
[16,"微景观设计与制作","枝剪","绿林，SK5合金钢，高硬度特氟龙金刃","把",10,72,720]
[17,"微景观设计与制作","工具箱","绿林，拉杆式，带轮，400×600×400","个",1,220,220]
[18,"微景观设计与制作","锤子","绿林，总长330mm，500克，纤维柄","把",3,30,90,"附图片"]
[19,"微景观设计与制作","水口钳","绿林，德式，6英寸厚型，刃口精磨","把",10,48,480]
[20,"微景观设计与制作","钢卷尺","长5m，宽25mm，耐磨，防摔，绿林","把",10,10,100]
[21,"微景观设计与制作","手锯","绿林，进口sk5钢锯片，大号，德式535mm，双排三面磨齿","把",3,55,165]
[22,"微景观设计与制作","美工刀","绿林，锌合金，sk5黑金刀片，165mmm，加10片黑金刚刀片","把",10,45,450]
[23,"微景观设计与制作","角尺","绿林，180mm三角尺","把",8,35,280]
[24,"微景观设计与制作","角尺","绿林，300mm铝合金拐尺，90°","把",8,15,120]
[25,"微景观设计与制作","钻头","绿林，M35含钴，2.0mm、2.5mm、3.0mm各6支","根",50,1,50]
[26,"微景观设计与制作","尖嘴钳","绿林，6寸，铬钒钢","把",5,25,125]
[27,"微景观设计与制作","高特热熔胶","11×300mm","根",200,1.5,300]
[28,"微景观设计与制作","骨架胶","100g，国象","瓶",100,25,2500]
[29,"微景观设计与制作","热熔胶棒","11×300mm","根",400,0.6,240]
[30,"微景观设计与制作","竹片","宽1cm，厚0.5-1.2mm，长100cm","根",1000,1,1000]
[31,"微景观设计与制作",null,"宽2cm，厚0.5-1.2mm，长100cm","根",1000,1.5,1500]
[32,"微景观设计与制作","木条","4×4mm，长50cm","根",1500,0.4,600]
[33,"微景观设计与制作",null,"6×6mm，长50cm","根",1500,0.6,900]
[34,"微景观设计与制作","木棒","直径2mm，长20cm","根",500,0.1,50]
[35,"微景观设计与制作",null,"直径4mm，长20cm","根",2000,0.2,400]
[36,"微景观设计与制作",null,"直径6mm，长20cm","根",2000,0.3,600]
[37,"微景观设计与制作","竹芯","直径3mm，长100cm","根",1000,0.5,500]
[38,"微景观设计与制作","竹筒","直径4-6cm，长100cm","根",50,14,700]
[39,"微景观设计与制作","硬纸板","白色、A3，厚1.5mm","张",300,2,600]
[40,"微景观设计与制作","图纸","A3，带框，160g","张",500,0.4,200]
[41,"微景观设计与制作","垫板","A3，绿色","张",9,10,90]
[42,"微景观设计与制作","麻绳","直径2mm，直径5mm，各100m","卷","各10卷",20,400]
[43,"微景观设计与制作","砂纸","800目，1000目","张","各30张",1,60]
[44,"微景观设计与制作","小山子","大号，木柄，手柄长32cm，一头尖，一头鸭嘴形","把",5,15,75]
[45,"微景观设计与制作","园艺铝丝","本色直径1mm","斤",10,19,190]
[46,"微景观设计与制作",null,"本色直径2mm、褐色直径2mm","斤","各10斤",23,460]
[47,"微景观设计与制作","环保铁丝","本色，直径1mm，200米","卷",20,15,300]
[48,"微景观设计与制作","罗汉松","30-40、盆栽、不少于三个分枝","盆",10,35,350]
[49,"微景观设计与制作","发财树","绿，15-30cm高","盆",15,20,300]
[50,"微景观设计与制作","南天竹","红，35-50cm高","盆",15,36,540]
[51,"微景观设计与制作","鹅掌柴","绿，20-30cm","盆",15,18,270]
[52,"微景观设计与制作","榕树","绿，20-30cm","盆",5,20,100]
[53,"微景观设计与制作","袖珍椰子","绿，30-40cm高","盆",15,18,270]
[54,"微景观设计与制作","狼尾蕨","绿，20-30cm高","盆",15,18,270]
[55,"微景观设计与制作","银线蕨","绿，10-20cm高","盆",15,18,270]
[56,"微景观设计与制作","纽扣蕨","绿，15-25cm高","盆",15,18,270]
[57,"微景观设计与制作","九里香","绿，30-40cm高","盆",15,12,180]
[58,"微景观设计与制作","文竹","绿，30-40cm高","盆",15,20,300]
[59,"微景观设计与制作","长寿花","红/粉，10-20cm高","盆",15,15,225]
[60,"微景观设计与制作","铜钱草","绿，5-15cm高","盆",15,10,150]
[61,"微景观设计与制作","网纹草","白/红，5-10cm高","盆",15,5,75]
[62,"微景观设计与制作","雏菊","白/粉，5-15cm高","盆",15,10,150]
[63,"微景观设计与制作","红叶酢浆草","紫/红，5-10cm高","盆",15,10,150]
[64,"微景观设计与制作","丛生福禄考","各色，5-10cm高","盆",15,10,150]
[65,"微景观设计与制作","多肉植物","——","盆",40,5,200]
[66,"微景观设计与制作","合果芋",null,"盆",40,10,400]
["总控制价（元）：",{"$nulls":4},{"$f":"SUM(H3:H68)","v":29495}]
[]
["注：1.此表单价为参考价格，报价不得超过控制价；2.可将此表修改为报价单，但其中序号、耗材品名、型号规格、单位、数量不得修改。"]